000 01236nam a22002417a 4500
999 _c60806
_d60806
005 20231024121422.0
008 231024s1990 ru ||||| |||| 00| 0 rus d
020 _a5250012752
080 _a27 C-89
100 _aЯковлев, А.А.
_920209
245 _aСумерки богов :
_b[Сборник] : Переводы /
_cФ. Ницше, З. Фрейд, Э. Фромм, А. Камю, Ж.П. Сартр ; Составление, общая редакция и предисловие А. А. Яковлева.
264 _aМосква :
_bПолитиздат,
_c1990.
300 _a398 стр.;
_b20 см.
521 _aშენიშვნები: გვ. 345-393. სახელთა საძიებელი: გვ. 394-397.
_bბიბლიოგრაფია შენიშვნებში: გვ. 345-393.
653 _aათეიზმი
653 _aქრისტიანობა
653 _aფსიქოანალიზი
700 _aНицше, Ф.
_eავტორი
_920210
700 _aФрейд, З.
_eავტორი
_920211
700 _aКамю, А.
_eავტორი
_920212
700 _aСартр, Ж.-П.
_eავტორი
_920213
942 _2udc
_cBK